The Afro - Asian movement : (Record no. 20531)

MARC details
000 -LEADER
fixed length control field 00584nam a2200193Ia 4500
008 - FIXED-LENGTH DATA ELEMENTS--GENERAL INFORMATION
fixed length control field 210303s9999 xx 000 0 und d
016 ## - NATIONAL BIBLIOGRAPHIC AGENCY CONTROL NUMBER
Source reto2022b
020 ## - INTERNATIONAL STANDARD BOOK NUMBER
ISBN 0706512650
040 ## - CATALOGING SOURCE
Original cataloging agency NLN
Language of cataloging English
100 ## - MAIN ENTRY--AUTHOR
Author KIMCHE, David
Relator term aut
245 #4 - TITLE STATEMENT
Title The Afro - Asian movement :
Remainder of title ideology and foreign policy of the third world /
Statement of responsibility, etc David Kimche
260 ## - PUBLICATION, DISTRIBUTION, ETC. (IMPRINT)
Place of publication Jerusalem :
Name of publisher Israel Universities Press,
Date of publication 1973
300 ## - COLLATION
Pagination vii, 296p.:
Other physical details ill. ;24cm
563 ## - BINDING INFORMATION
Binding note (pbk)
650 ## - TRACINGS
Main Subject Afro-Asian politics
Subdivision (1st) History
942 ## - ADDED ENTRY ELEMENTS (KOHA)
Item type Books
050 ## - LIBRARY OF CONGRESS CALL NUMBER
Classification number DS35
Item number .K533
082 ## - DEWEY DECIMAL CLASSIFICATION NUMBER
Classification number 327
Holdings
Withdrawn status Lost status Source of classification or shelving scheme Damaged status Not for loan Home library Current library Date acquired Total Checkouts Full call number Barcode. Date last seen Price effective from Koha item type
    Library of Congress Classification     LAGOS BRANCH National Library of Nigeria 04/03/2021   DS35 .K533 2024-555555551000760 04/03/2021 04/03/2021 Books

National Library of Nigeria OPAC is powered by Koha